| 000 | 01074nam a22002177a 4500 | ||
|---|---|---|---|
| 008 | 100719s xxu||||| |||| 00| 0 ara d | ||
| 082 |
_222 _a328.0962 _bل ا ن |
||
| 100 | 1 |
_916429 _aلاندو ، جاكوب |
|
| 245 |
_aالحياة النيابية والأحزاب في مصر من 1866 إلى 1952 / _cجاكوب لاندو ؛ ترجمة وتعليق سامي الليثي |
||
| 260 |
_aالقاهرة : _bمكتبة مدبولي ، _c[د.ت] |
||
| 300 |
_a232 ص ؛ _c24 سم. |
||
| 490 |
_916430 _aمن تاريخ مصر |
||
| 504 | _aيشتمل على إرجاعات ببليوجرافية | ||
| 541 |
_aألف باء ؛ _cشراء ؛ |
||
| 650 |
_916431 _aالدولة النيابية |
||
| 650 |
_916433 _aمصر _xالاحزاب السياسية |
||
| 650 |
_916434 _aمصر _xالدستور |
||
| 700 |
_916435 _aالليثي ، سامي _eترجمة وتعليق |
||
| 942 |
_2ddc _cBB |
||
| 999 |
_c14507 _d14507 |
||